00800cam a2200205 4500001001100000008004100011020001500052035001500067245019700082250001200279260005200291300002100343440005300364506001000417504003800427650002900465650002800494700002500522700004700547BUCI000258 r19991991mx spa  a9681649680 aBUCI00025800aCiencias Sociales y Estados Moodernos :bExperiencias nacionales e incidencias teóricas /cCompiladores Peter Wagner [et… al] ; estudio introductorio de Mauricio Sáez de Nanclares Lemus. a1a. ed. aMéxico :bFondo de Cultura Económica,c1999 a464 p. ;c23 cm. 0aSección de Obras de Administración Pública aFomes aIncluye bibliografía e índice 4aSociologia xFilosofía 4aSociologia xPolítica1 aWagner, Peter, comp.1 aSáez de Nanclares Lemus, Mauricio, prol.